Countries That End in A - Statistics

General Stats
  • This quiz has been taken 41 times
    13 since last reset
  • The average score is 45 of 73
Answer Stats
Country % Correct
Canada
83%
Albania
75%
Algeria
75%
Antigua and Barbuda
75%
Armenia
75%
Australia
75%
Colombia
75%
Libya
75%
Samoa
75%
Somalia
75%
Argentina
67%
Austria
67%
Bosnia and Herzegovina
67%
Cambodia
67%
China
67%
Dominica
67%
Estonia
67%
Gambia
67%
Ghana
67%
Guinea
67%
India
67%
Indonesia
67%
Kenya
67%
Latvia
67%
Lithuania
67%
Namibia
67%
Nigeria
67%
Russia
67%
Serbia
67%
Tonga
67%
Tunisia
67%
Uganda
67%
Zambia
67%
Andorra
58%
Angola
58%
Bulgaria
58%
Czechia
58%
Equatorial Guinea
58%
Eritrea
58%
Ethiopia
58%
Georgia
58%
Guatemala
58%
Guyana
58%
Jamaica
58%
Liberia
58%
Malta
58%
Nicaragua
58%
North Korea
58%
Panama
58%
Papua New Guinea
58%
Romania
58%
Saudi Arabia
58%
Slovakia
58%
Slovenia
58%
South Africa
58%
South Korea
58%
Syria
58%
Tanzania
58%
Venezuela
58%
Bolivia
50%
Botswana
50%
Costa Rica
50%
Croatia
50%
Cuba
50%
Grenada
50%
Malaysia
50%
Mauritania
50%
North Macedonia
50%
Rwanda
50%
Saint Lucia
50%
Sri Lanka
50%
Moldova
42%
F.M. Micronesia
8%
No matching quizzes found
Score Distribution
Percent of People with Each Score
Percentile by Number Answered
Your Score History
You have not taken this quiz since the last reset